书目信息 |
| 题名: |
中国少年儿童百科全书
|
|
| 作者: | 赵岩 主编 | |
| 分册: | 植物百科 | |
| 出版信息: | 长春 北方妇女儿童出版社 2017 |
|
| 页数: | 121页 | |
| 开本: | 24cm | |
| 丛书名: | ||
| 单 册: | ||
| 中图分类: | Z228.1 , Q94-49 , Z228.1 | |
| 科图分类: | ||
| 主题词: | 科学知识--少儿读物 , 植物--少儿读物 , 百科全书--中国 | |
| 电子资源: | ||
| ISBN: | 978-7-5585-0476-1 | |
| 000 | 00766nam0 2200265 450 | |
| 001 | 5602 | |
| 005 | 20180612164403.78 | |
| 010 | @a978-7-5585-0476-1@dCNY21.80 | |
| 100 | @a20171222d2017 cd y0chiy50 ea | |
| 101 | 0 | @achi |
| 102 | @aCN@b220000 | |
| 105 | @aa z 000yy | |
| 200 | 1 | @a中国少年儿童百科全书@9zhong guo shao nian er tong bai ke quan shu@i植物百科@e彩图注音版@f赵岩主编 |
| 210 | @a长春@c北方妇女儿童出版社@d2017 | |
| 215 | @a121页@c图@d24cm | |
| 517 | 1 | @a植物百科@9zhi wu bai ke |
| 606 | 0 | @a科学知识@j少儿读物 |
| 606 | 0 | @a植物@j少儿读物 |
| 606 | 0 | @a百科全书@x中国 |
| 690 | @aZ228.1@v5 | |
| 690 | @aQ94-49@v5 | |
| 690 | @aZ228.1@v4 | |
| 701 | 0 | @a赵岩@9Zhao Yan@4主编 |
| 801 | 0 | @aCN@b91MARC@c20171222 |
| 905 | @aMuseLib@dZ228.1@e228 | |
| 中国少年儿童百科全书.植物百科:彩图注音版/赵岩主编.-长春:北方妇女儿童出版社,2017 |
| 121页:图;24cm |
| ISBN 978-7-5585-0476-1:CNY21.80 |
| ● |
| 相关链接 |
|
|
|
|
正题名:中国少年儿童百科全书
索取号:Z228.1/228
 
预约/预借
| 序号 | 登录号 | 条形码 | 馆藏地/架位号 | 状态 | 备注 |
| 1 | 1113938 | 211139383 | 第二样本阅览室/ [索取号:Z228.1/228] | 在馆 | |
| 2 | 1113939 | 211139392 | 教育系资料室/ [索取号:Z228.1/228] | 在馆 | |
| 3 | 1113940 | 211139409 | 教育系资料室/ [索取号:Z228.1/228] | 在馆 | |
| 4 | 1113941 | 211139418 | 第三借阅区/ [索取号:Z228.1/228] | 在馆 |